000 00683cam a2200241 a 4500
999 _c3141
_d3141
003 OSt
005 20180525164718.0
008 840806s1984 ohua b 001 0 eng
020 _a0-675-20170-5
040 _csce
082 0 0 _a375.001 WIL
100 1 _aWiles, Jon.
245 1 0 _aCurriculum development :
_ba guide to practice /
_cJon Wiles, Joseph C. Bondi.
250 _a2nd ed.
260 _aColumbus :
_bC.E. Merrill Pub. Co.,
_c1984.
300 _ax, 398 p. :
_bill. ;
_c26 cm.
504 _aIncludes bibliographies and indexes.
526 _aEDN414 Curriculum Studies (B.Ed-P)
541 _e7838
562 _e1 copy
700 1 _aBondi, Joseph.
942 _2ddc
_cBK